| 000 | 00332nam a2200121Ia 4500 | ||
|---|---|---|---|
| 008 | 210430s9999 xx 000 0 und d | ||
| 082 | _a651.7 A2371 L | ||
| 100 | _aRonald B Adler | ||
| 245 |
_aLooking Out Looking In _cRonald B Adler |
||
| 260 |
_aAustralia _bWadsworth Cengage Learing _c2006 |
||
| 300 | _a457p. | ||
| 942 |
_cBK _2ddc |
||
| 999 |
_c564442 _d564442 |
||